Sercurity architechture
Wedi'i Gadw mewn:
| Prif Awdur: | |
|---|---|
| Fformat: | Llyfr |
| Iaith: | Undetermined |
| Cyhoeddwyd: |
McGraw-Hill
2001
|
| Tagiau: |
Ychwanegu Tag
Dim Tagiau, Byddwch y cyntaf i dagio'r cofnod hwn!
|
| Thư viện lưu trữ: | Trung tâm Học liệu Trường Đại học Cần Thơ |
|---|
| LEADER | 00423nam a2200145Ia 4500 | ||
|---|---|---|---|
| 001 | CTU_49582 | ||
| 008 | 210402s9999 xx 000 0 und d | ||
| 082 | |a 005.8 | ||
| 082 | |b K52 | ||
| 100 | |a CHRISTOPHER M KING | ||
| 245 | 0 | |a Sercurity architechture | |
| 245 | 0 | |c CHRISTOPHER M KING, Curtis E. Dalton, T. Ertem Osmanoglu | |
| 260 | |b McGraw-Hill | ||
| 260 | |c 2001 | ||
| 980 | |a Trung tâm Học liệu Trường Đại học Cần Thơ | ||